Tâm lí học
Gorde:
| Egile nagusia: | |
|---|---|
| Formatua: | Liburua |
| Argitaratua: |
Hà Nội
Giáo dục
2012
|
| Edizioa: | Tái bản lần thứ 2 |
| Gaiak: | |
| Etiketak: |
Etiketa erantsi
Etiketarik gabe, Izan zaitez lehena erregistro honi etiketa jartzen!
|
| Thư viện lưu trữ: | Trung tâm Học liệu Lê Vũ Hùng, Trường Đại học Đồng Tháp |
|---|
| LEADER | 00736aam a22002538a 4500 | ||
|---|---|---|---|
| 001 | 00030897 | ||
| 005 | 20171026081025.0 | ||
| 008 | 130816s2012 ||||||Viesd | ||
| 020 | |c 30000 | ||
| 041 | 0 | # | |a Vie |
| 082 | 1 | 4 | |a 150 |b T120L |
| 100 | 1 | # | |a Đinh, Phương Duy |
| 245 | 1 | 0 | |a Tâm lí học |c ĐInh Phương Duy |
| 250 | # | # | |a Tái bản lần thứ 2 |
| 260 | # | # | |a Hà Nội |b Giáo dục |c 2012 |
| 300 | # | # | |a 144tr. |c 24cm. |
| 650 | # | 4 | |a Tâm lý học |x Giáo trình |
| 653 | # | # | |a Nhân cách |
| 653 | # | # | |a Ý thức |
| 852 | # | # | |b Kho mượn |j KM.0015498 |
| 852 | # | # | |j KM.0015498 |
| 910 | |d 8/2013 | ||
| 980 | # | # | |a Trung tâm Học liệu Lê Vũ Hùng, Trường Đại học Đồng Tháp |